000 00318nam a22001337a 4500
008 170404b xxu||||| |||| 00| 0 eng d
020 _a2900133935058
041 _aeng
080 _a574
100 _a9
101 _aSHM
245 _aDATA ANALYSIS IN THE EARTH SCIENCE USING MATLAB
_cMIDDLETON, G.V
942 _2udc
_cBK
999 _c9643
_d9643